Тургенев и Достоевский. Типологические параллели (Запись № 10003714)

Подробности
000 -МАРКЕР
контрольное поле 01928nam0a2200373 i 4500
001 - ИДЕНТИФИКАТОР ЗАПИСИ
контрольное поле RU\NLR\BIBL_A\010466524
005 - ИДЕНТИФИКАТОР ВЕРСИИ
контрольное поле 20260607071523.0
010 ## - МЕЖДУНАРОДНЫЙ СТАНДАРТНЫЙ НОМЕР КНИГИ (ISBN)
Номер (ISBN) 9785992902044
Тираж 500
021 ## - НОМЕР ГОСУДАРСТВЕННОЙ РЕГИСТРАЦИИ
Код страны Российская Федерация
Номер 2014-51920
Номер Листа государственной регистраци 3144
035 ## - ДРУГИЕ СИСТЕМНЫЕ НОМЕРА
Идентификатор записи (NILC)RuMoRGB-007522065
035 ## - ДРУГИЕ СИСТЕМНЫЕ НОМЕРА
Идентификатор записи (NLR Aleph) 010466524
100 ## - ДАННЫЕ ОБЩЕЙ ОБРАБОТКИ
Данные общей обработки 20140924d2013 u y0rusy50 ca
101 0# - ЯЗЫК РЕСУРСА
Язык текста, звукозаписи и т.д. русский
102 ## - СТРАНА ПУБЛИКАЦИИ ИЛИ ПРОИЗВОДСТВА
Страна публикации Российская Федерация
105 ## - ПОЛЕ КОДИРОВАННЫХ ДАННЫХ: ТЕКСТОВЫЕ МАТЕРИАЛЫ, МОНОГРАФИЧЕСКИЕ
Кодированные данные о монографическом текстовом документе y|||z|||000yy
200 1# - ЗАГЛАВИЕ И СВЕДЕНИЯ ОБ ОТВЕТСТВЕННОСТИ
Основное заглавие Тургенев и Достоевский. Типологические параллели
Сведения, относящиеся к заглавию монография
Первые сведения об ответственности Е. М. Конышев
Последующие сведения об ответственности М-во образования и науки Российской Федерации, Федеральное бюджетное гос. образовательное учреждение высш. проф. образования "Орловский гос. ун-т"
210 ## - ПУБЛИКАЦИЯ, РАСПРОСТРАНЕНИЕ И ДР.
Место издания, распространения и т.д. Орел
Имя издателя, распространителя и т. д. Изд-во ОГУ
Дата издания, распространения и т.д. 2013
215 ## - ФИЗИЧЕСКАЯ ХАРАКТЕРИСТИКА
Специфическое обозначение материала и объем 117 с.
Размеры 21
320 ## - ПРИМЕЧАНИЯ О НАЛИЧИИ В ДОКУМЕНТЕ БИБЛИОГРАФИИ / УКАЗАТЕЛЯ
Текст примечания Библиогр.: с. 114-117 (68 назв.)
600 #1 - ИМЯ ЛИЦА КАК ПРЕДМЕТ
Начальный элемент ввода Достоевский
Часть имени, кроме начального элемента ввода Ф. М.
Даты 1821 - 1881
Расширение инициалов личного имени Федор Михайлович
Тематический подзаголовок и русская литература
Системный номер авторитетной/нормативной записи 997416
Идентификатор авторитетной/нормативной записи RU\NLR\AUTH\66377713
600 #1 - ИМЯ ЛИЦА КАК ПРЕДМЕТ
Начальный элемент ввода Тургенев
Часть имени, кроме начального элемента ввода И. С.
Даты 1818 - 1883
Расширение инициалов личного имени Иван Сергеевич
Тематический подзаголовок и русская литература
Системный номер авторитетной/нормативной записи 1536012
Идентификатор авторитетной/нормативной записи RU\NLR\AUTH\66970586
686 2# - ИНДЕКСЫ ДРУГИХ КЛАССИФИКАЦИЙ
Индекс Ш5(2=Р)52-4Достоевский417
686 2# - ИНДЕКСЫ ДРУГИХ КЛАССИФИКАЦИЙ
Индекс Ш5(2=Р)52-4Тургенев417
700 #1 - ИМЯ ЛИЦА - ПЕРВИЧНАЯ ОТВЕТСТВЕННОСТЬ
Начальный элемент ввода Конышев
Часть имени, кроме начального элемента ввода Е. М.
702 #1 - ИМЯ ЛИЦА - ВТОРИЧНАЯ ОТВЕТСТВЕННОСТЬ
Код отношения Прочие
Графика поля Кириллица
Материалы, к которым относится поле rus
Начальный элемент ввода Тургенев
Часть имени, кроме начального элемента ввода И. С.
Даты 1818-1883
Расширение инициалов личного имени Иван Сергеевич
Системный номер авторитетной/нормативной записи 110198
Идентификатор авторитетной/нормативной записи RU\NLR\AUTH\77102
702 #1 - ИМЯ ЛИЦА - ВТОРИЧНАЯ ОТВЕТСТВЕННОСТЬ
Код отношения Прочие
Материалы, к которым относится поле rus
Графика поля Кириллица
Начальный элемент ввода Достоевский
Часть имени, кроме начального элемента ввода Ф. М.
Даты 1821-1881
Расширение инициалов личного имени Федор Михайлович
Идентификатор авторитетной/нормативной записи RU\NLR\AUTH\77838
Системный номер авторитетной/нормативной записи 110876
801 #0 - ИСТОЧНИК ЗАПИСИ
Страна Российская Федерация
Организация РГБ
Дата составления 20140718
Правила каталогизации RCR
942 ## - ДОПОЛНИТЕЛЬНЫЕ ЭЛЕМЕНТЫ ЗАПИСИ (АБИС)
Тип экземпляра АБИС Книга
980 ## - КОЛЛЕКЦИЯ
Название коллекции НБР

Нет доступных экземпляров.